El milagro del agua / (Registro nro. 11193)

Detalles MARC
000 -LIDER
fixed length control field 00680nam a2200265 b 4500
001 - NÚMERO DE CONTROL
Identificador de número de control 0000615
003 - IDENTIFICACDOR DE NÚMERO DE CONTROL
control field DO-SdBNP
005 - DATE AND TIME OF LATEST TRANSACTION
control field 20180130125923.0
007 - CAMPOS FIJOS DE DESCRIPCIÓN FÍSICA
fixed length control field 0000615
008 - ELEMENTOS DE LONGITUD FIJA
fixed length control field 050617 2007 mx spa
017 ## - NÚMERO DE REGISTRO DE DERECHOS DE AUTOR
Copyright or legal deposit number
Assigning agency
020 ## - ISBN
International Standard Book Number 9789705800313
035 ## - NÚMERO LOCAL
System control number
040 ## - FUENTE DE CATALOGACIÓN
Agencia que crea de manera original el registro BPMSU
Idioma de catalogación spa
Agencia que realiza la transcripción BPMSU
Convenciones de la despripción
100 1# - ASIENTO PRINCIPAL -- NOMBRE PERSONAL
Nombre personal Emoto, Masaru
245 13 - MENCIÓN DE TITULO
Título El milagro del agua /
Medio (Designación general de material)
Mención de responsabilidad Masaru Emoto ; traducción Salvador Alanís
260 ## - PUBLICACIÓN, DISTRIBUCIÓN, ETC. (PIE DE IMPRENTA)
Lugar de publicación, distribución, etc México :
Nombre del editor, distribuidor, etc. Alamah,
Fecha de publicación, distribución, etc 2007.
300 ## - DESCRIPCIÓN FÍSICA
Extensión 163 p. :
Dimensiones 19 cm
490 1# - MENCIÓN DE SERIES
Mención de serie Autoayuda
700 12 - ASIENTO SECUNDARIO -- NOMBRE PERSONAL
Nombre personal Alanís, Salvador
830 #0 - ASIENTO SECUNDARIO DE SERIE--TÍTULO UNIFORME
Título uniforme Autoayuda
942 ## - ADDED ENTRY ELEMENTS (KOHA)
Source of classification or shelving scheme Dewey Decimal Classification
Koha item type Libros
945 ## - INFORMACIÓN DE PROCESAMIENTO LOCAL
Información de procesamiento local Inventariado, 2018/MFF
956 ## - LOCAL ELECTRONIC LOCATION AND ACCESS (OCLC)
Nombre de host YLOCKWARD
Número de acceso 10
Trayectoria BPMSU
Nombre Electrónico 00144
Existencias
Withdrawn status Lost status Source of classification or shelving scheme Damaged status Not for loan Collection code Home library Current library Date acquired Source of acquisition Total Checkouts Barcode Date last seen Price effective from Koha item type Copy number
    Dewey Decimal Classification     Colección General Biblioteca Pública Metropolitana Salomé Ureña Biblioteca Pública Metropolitana Salomé Ureña 08/26/2016 Alfaguara   BPMSU16080238 08/26/2016 08/26/2016 Libros  
    Dewey Decimal Classification     Colección General Biblioteca Pública Metropolitana Salomé Ureña Biblioteca Pública Metropolitana Salomé Ureña 09/16/2016 Alfaguara   BPMSU16090349 09/16/2016 09/16/2016 Libros e. 2
    Dewey Decimal Classification     Colección General Biblioteca Pública Metropolitana Salomé Ureña Biblioteca Pública Metropolitana Salomé Ureña 09/16/2016 Alfaguara   BPMSU16090350 09/16/2016 09/16/2016 Libros e. 3